Topological vector spaces and distributions

Uloženo v:
Podrobná bibliografie
Hlavní autor: Horváth, John (Autor)
Médium: Kniha
Jazyk:angličtina
Vydáno: Reading Addison-Wesley 1966
Edice:Addison-Wesley Series in Mathematics
Témata:
Tagy: Přidat tag
Žádné tagy, Buďte první, kdo vytvoří štítek k tomuto záznamu!

MARC

LEADER 00000nam a2200000 a 4500
001 UCP0771
003 CL-VaPUC
008 990319e19660000US |||||||||||||||||eng|d
082 0 4 |a 515.73  |b HOR  |2 21 
100 |a Horváth, John  |e author  |9 535802 
245 1 0 |a Topological vector spaces and distributions 
300 |a v 
942 |c BK 
945 |d 19990319 00:00:00  |a crobeson 
260 |a Reading  |b Addison-Wesley  |c 1966 
650 0 |a Espacios vectoriales topológicos   |9 424115 
650 7 |a ESPACIOS DE BANACH  |2 CL-VaPUC  |9 260167 
650 7 |a ESPACIOS CONVEXOS  |2 CL-VaPUC  |9 426293 
650 0 |a Espacio de Hilbert   |9 260141 
583 |a last modification  |c 19990319 00:00:00  |k Rodrigo Vera 
490 0 |a Addison-Wesley Series in Mathematics 
999 |c 279518  |d 279516 
952 |0 0  |1 0  |4 0  |6 515_730000000000000_HOR_1966  |7 0  |8 A  |9 319073  |a BIBMAT  |b BIBMAT  |d 2019-11-20  |h v.1  |i 1330217  |o 515.73 HOR 1966  |p 1330217  |r 2025-01-07  |w 2019-11-20  |y BK  |k MAT